| Tag |
First Indicator |
Second Indicator |
Subfields |
| LEADER |
00000cam a2200000 i 4500 |
| 001 |
in00000791221 |
| 005 |
20151017071110.0 |
| 008 |
761020s1976 mnua b f00000 eng d |
| 010 |
|
|
|a gp 77000368
|
| 035 |
|
|
|a (OCoLC)02537198
|
| 035 |
|
|
|9 ADP4320AM
|
| 040 |
|
|
|a OLA
|c OLA
|d GPO
|d UtOrBLW
|
| 043 |
|
|
|a n-us-mn
|
| 074 |
|
|
|a 431-I-11
|
| 086 |
|
|
|a EP 1.23:600/3-76-062 a-b
|
| 245 |
0 |
0 |
|a Effect of hydrogen sulfide on fish and invertebrates /
|c by Lloyd L. Smith [and others].
|
| 264 |
|
1 |
|a Duluth, Minn. :
|b U.S. Environmental Protection Agency, Office of Research and Development, Environmental Research Laboratory ;
|c 1976.
|
| 264 |
|
2 |
|a Springfield, Va. :
|b For sale by the National Technical Information Service,
|
| 300 |
|
|
|a 2 volumes :
|b illustrations, graphs ;
|c 28 cm.
|
| 336 |
|
|
|a text
|b txt
|2 rdacontent
|
| 337 |
|
|
|a unmediated
|b n
|2 rdamedia
|
| 338 |
|
|
|a volume
|b nc
|2 rdacarrier
|
| 490 |
1 |
|
|a Ecological research series ;
|v EPA-600/3-76-062a-b
|
| 500 |
|
|
|a Prepared by Department of Entomology, Fisheries, and Wildlife, University of Minnesota, St. Paul, Minn., under grant number R800992.
|
| 500 |
|
|
|a Includes appendix and bibliographies.
|
| 505 |
0 |
|
|a pt. I. Acute and chronic toxicity studies.--pt. II. Hydrogen sulfide determination and relationship between pH and sulfide toxicity.
|
| 650 |
|
0 |
|a Biological assay.
|
| 650 |
|
0 |
|a Fishes
|z Minnesota
|x Development.
|
| 650 |
|
0 |
|a Hydrogen sulfide
|x Analysis.
|
| 700 |
1 |
|
|a Smith, Lloyd L.
|
| 710 |
1 |
|
|a United States.
|b Environmental Protection Agency.
|b Office of Research and Development.
|
| 710 |
2 |
|
|a University of Minnesota.
|b Department of Entomology, Fisheries, and Wildlife.
|
| 740 |
0 |
|
|a Acute and chronic toxicity studies.
|
| 740 |
0 |
|
|a Hydrogen sulfide determination and relationship between pH and sulfide toxicity.
|
| 830 |
|
0 |
|a Research reporting series.
|n 3,
|p Ecological research ;
|v EPA-600/3-76-062a-b.
|
| 830 |
|
0 |
|a Research reporting series.
|n 3,
|p Ecological research.
|
| 999 |
|
|
|a MARS
|
| 999 |
f |
f |
|s 72478bd2-c9c5-32dd-955c-4cd38fa83a15
|i 93255636-470e-355f-9777-e98000b2828d
|t 0
|
| 952 |
f |
f |
|p normal
|a Texas A&M University
|b College Station
|c Sterling C. Evans Library
|d Evans: US Documents (Annex 5th floor)
|t 0
|e EP 1.23: 600/3-76-062
|h Superintendent of Documents classification
|i unmediated -- volume
|k pt.1
|m A14812845992
|
| 952 |
f |
f |
|p normal
|a Texas A&M University
|b College Station
|c Sterling C. Evans Library
|d Evans: US Documents (Annex 5th floor)
|t 0
|e EP 1.23: 600/3-76-062
|h Superintendent of Documents classification
|i unmediated -- volume
|k pt.2
|m A14812525500
|
| 998 |
f |
f |
|a EP 1.23: 600/3-76-062
|s pt.2=EP 1.23:600/3-76-062a
|t 0
|l Evans: US Documents (Annex 5th floor)
|